Blackburn Rovers all-time top scorers - Statistics

General Stats
  • This quiz has been taken 16 times
  • The average score is 4 of 10
Answer Stats
Goals Nationality Player % Correct
123 England Alan Shearer
92%
57 England Chris Sutton
75%
58 England David Dunn
58%
84 England / Scotland Jordan Rhodes
42%
64 England Adam Armstrong
33%
57 England Bradley Dack
33%
57 England Danny Graham
25%
57 England Matt Jansen
25%
75 Ireland Andy McEvoy
17%
57 England Fred Pickering
17%
No matching quizzes found
Score Distribution
Percent of People with Each Score
Percentile by Number Answered
Your Score History
You have not taken this quiz